000 00261nam a2200109Ia 4500
008 140130s9999 xx 000 0 und d
245 _cBerger, Melvin
_aChomp (a book about shark)
260 _bScholastic,
_c1999
440 _v1
942 _cBK
999 _c41629
_d41629